00657 2200241 4500001002100000005001500021035002500036090002100061245002800082260006400110300002200174008004100196040001700237082001700254084001900271100002700290500002400317650003200341850001200373041000800385990001100393990001100404YOGYA00000000002494620190412110051 a0010-081400000024664 aL 899.2223 YAS p aPurasani /cYasawidagda aWeltevreden :bDrukkerij Volkslectuur (Bale Pustaka),c1923 a82 hlm. ;c22 cm.130804s1923 xx g | d aYOPDYOGbind04223a899.2223 a899.2223 YAS p0 aYasawidagdaePengarang aTeks beraksara Jawa 4aKesusastraan Jawa--xCerita aYOPDYOG0 ajav a6416-A a6416-A